Mascot Murder Mystery (Logic Puzzle) Quiz Stats

 Plays Quiz Updated Mar 27, 2018

Support Sporcle.
Go Orange.
Score 0/25 Timer 20:00
4 Plays Today
Hint Answer % Correct



Ronald
McDonald
???
100%




Aunt Jemima
???
82.1%



Captain
Morgan
???
77.5%




Charlie Tuna
???
76.7%




Marlboro Man
???
76%




Mr. Peanut
???
70.6%




Michelin Man
???
46.8%



Pillsbury
Doughboy
???
38.1%



The
Noid
???
34.1%




Trix Rabbit
???
27.6%



Colonel
Sanders
???
27.2%




Flo
???
25.3%




Green Giant
???
25%
Hint Answer % Correct



Joe
Camel
???
23.6%



Chester
Cheetah
???
23.5%




Mr. Clean
???
22.8%




Kool-Aid Man
???
22.8%




Little Debbie
???
21.4%




AFLAC Duck
???
18.1%




Snuggle Bear
???
17.4%




Cap'n Crunch
???
17.4%



Energizer
Bunny
???
16.1%




Tony Tiger
???
15.2%




Geico Gecko
???
14.9%




Smokey Bear
???
12.5%

You're not logged in!

Compare scores with friends on all Sporcle quizzes.
OR
Log In

From the Vault

6-Letter Word Scramble III

by razorz

You've got to crack a few eggs to make a good scramble.
Remove Ads.
Support Sporcle.
Get the best of Sporcle when you Go Orange. This ad-free experience offers more features, more stats, and more fun while also helping to support Sporcle. Thank you for becoming a member.

Show Comments

Extras

Top Quizzes Today


Score Distribution

Your Account Isn't Verified!

In order to create a playlist on Sporcle, you need to verify the email address you used during registration. Go to your Sporcle Settings to finish the process.

Report this User

Report this user for behavior that violates our Community Guidelines.

Details: